Focus: microeconomics / (Record no. 245)
[ view plain ]
| 000 -LEADER | |
|---|---|
| fixed length control field | 00739nam a22001817a 4500 |
| 008 - FIXED-LENGTH DATA ELEMENTS--GENERAL INFORMATION | |
| fixed length control field | 111108t xxu||||| |||| 00| 0 eng d |
| 020 ## - INTERNATIONAL STANDARD BOOK NUMBER | |
| International Standard Book Number | 0879671394 |
| 050 ## - LIBRARY OF CONGRESS CALL NUMBER | |
| Classification number | HB34.F56 |
| 100 ## - MAIN ENTRY--PERSONAL NAME | |
| Personal name | Slesinger, Rubin E. |
| 245 ## - TITLE STATEMENT | |
| Title | Focus: microeconomics / |
| Statement of responsibility, etc. | Rubin E. Slesinger |
| 260 ## - PUBLICATION, DISTRIBUTION, ETC. | |
| Place of publication, distribution, etc. | Guilford: |
| Name of publisher, distributor, etc. | Dushkin Publication Group; |
| Date of publication, distribution, etc. | c1976. |
| 300 ## - PHYSICAL DESCRIPTION | |
| Extent | 207p.: |
| Other physical details | ills |
| Dimensions | 28cm. |
| 500 ## - GENERAL NOTE | |
| General note | Includes index. |
| 505 ## - FORMATTED CONTENTS NOTE | |
| Formatted contents note | Contents: The Economic process -- Application of supply and demand analysis -- Market structure, competition, and public policy -- Government regulation of business -- Labor in the economy -- Income distribution -- Economic systems: capitalism in crisis. |
| 650 ## - SUBJECT ADDED ENTRY--TOPICAL TERM | |
| Topical term or geographic name entry element | Microeconomics. |
| 700 ## - ADDED ENTRY--PERSONAL NAME | |
| Personal name | Beeson, Glen |
| 942 ## - ADDED ENTRY ELEMENTS (KOHA) | |
| Source of classification or shelving scheme | Library of Congress Classification |
| Koha item type | Books |
| Withdrawn status | Lost status | Source of classification or shelving scheme | Damaged status | Not for loan | Home library | Current library | Shelving location | Date acquired | Total Checkouts | Full call number | Barcode | Date last seen | Price effective from | Koha item type |
|---|---|---|---|---|---|---|---|---|---|---|---|---|---|---|
| Library of Congress Classification | WISCONSIN INTERNATIONAL UNIVERSITY COLLEGE, GHANA - MAIN LIBRARY | WISCONSIN INTERNATIONAL UNIVERSITY COLLEGE, GHANA - MAIN LIBRARY | General Stacks | 08/11/2011 | HB34.F56 | 746/11 | 08/11/2011 | 08/11/2011 | Books |
